000 00566nam a2200217Ia 4500
005 20250923145834.0
008 008 250917s9999 xx 000 0 eng d
037 _aTextual
040 _aDSWL
_beng
_cDSWL
041 _aeng
_2eng
084 _aX:9, N87;2
_qDSWL
100 _aMamoria, C.B.
_9839459
245 0 _aPersonnel management
_c by C.B. Mamoria
250 _a5th
260 _aBombay
_bHimalaya
_c1987
300 _axxii,978p.
365 _aINR
_b175.00
925 _g175.00
942 _cTEXL
_hX:9, N87;2
999 _c1456336
_d1456336